000 00603nam a2200217 4500
001 57713
003 BD-RjUL
005 20211209080538.0
008 161211r19992006ii ||||| |||| 00| 0 eng d
020 _a8177540394
035 _a(BD-RjUL)
040 _beng
_cBD-RjUL
041 _aeng
082 _223
_a630.54
_bSIA 1999[2006]
100 _aSingh, A.K.
_9171400
245 0 1 _aAgricultural extension :
_bimpact and assessment/
_cA.K. Singh.
260 _aJodhpur :
_bAgrobios,
_c2006.
300 _axii, 266 p. ;
_c22 cm.
650 _aAgricultural education --
_zIndia.
_9171401
942 _2ddc
_cBK
999 _c57713
_d57713